000 00342nam a2200133Ia 4500
005 20251222141954.0
008 251222s9999||||xx |||||||||||||| ||spa||
020 _a84-313-0248-8
082 _a240.1/C75
100 _aColom Costa, Enrique
245 0 _aDios y el Obrar Humano
264 _bFondo Editorial Universidad de Navarra
942 _cLIB
999 _c9769
_d9769